000 00553nam a2200193Ia 4500
005 20250326145209.0
008 250326s9999 xx 000 0 und d
037 _aTextbook
040 _aFMSL
_beng
_cFMSL
041 _aeng
_2eng
084 _aX:8K P8
_qFMSL
100 _aPhillips J J
_9741502
245 0 _aCosts and roi: evaluating at the ultimate level
_cPhillips J J; Zuniga L
260 _aSan
_bSan, Fransico Pfeiffer
_c2008
365 _b1735.9665
650 _aManagement
942 _cTB
_hX:8K P8
999 _c1306713
_d1306713